000
00294nam a22001457a 4500
020
_a
978-8170088530
041
_a
ENG
100
_a
PUNMIA.B.C
245
_a
Surveying Vol 1
250
_a
Thirteenth Ed
260
_a
Dilhi
_b
Laxmi Pub
_c
1994
300
_a
642
650
_a
SWCE
856
_u
SwCE
999
_c
304
_d
304